000 00622nam a2200229Ia 4500
003 OSt
005 20220918202359.0
006 a|||||r|||| 00| 0
007 ta
008 220917b |||||||| |||| 00| 0 eng d
024 _a100,803
037 _cTextual
040 _aARTS
_cARTS
_beng
041 _2eng
_aeng
082 _aV2-542.N, M5
100 _aDesouza Teotonia R ed
_9103473
245 0 _aIndo Portuguese history
_b old Issues New questions
260 _aN.D
_bConcept
_c1985
650 _aHISTORY
942 _hV2-542.N, M5
_cTEXL
_2CC
999 _c224321
_d224321